000 00431pab a2200157 454500
008 180718b1997 xxu||||| |||| 00| 0 eng d
100 _aChoudhury, R.K.
245 _aRural-urban divide: the most perturbing feature of India's poor economic profile
260 _c1997
300 _ap.31-35
362 _aOct-Nov
650 _aRural development - India
650 _aRural development
773 _aKurukshetra
909 _a35869
999 _c35869
_d35869